000 005790000a22001810004500
003 MACL
005 20160520141509.0
008 160520b xxu||||| |||| 00| 0 eng d
040 _aMACL
_cMACL
041 _aHindi
082 _a891.433
100 _aकबीर, प्र‍ीति श्रीवास्‍तव
_958504
245 _aलावा
_cप्रीति श्रीवास्‍तव कबीर
260 _aदिल्‍ली
_bबाल निधी
_c2012
350 _a250
650 _aStory
_958505
942 _cHIN
_k891.433/SHI/S
_2ddc
999 _c47913
_d47913